Narrativas y experiencias interculturales Pedagoga̕s y metodologa̕s alternativas /

Bibliographic Details
Main Author: Santamara̕ Chavarro, ℓngela
Format: eBook
Language:Spanish
Published: Bogot:̀ Editorial Universidad de Rosario (Colombia), 2018
Subjects:
Online Access:Acceso restringido

MARC

LEADER 00000nam a22000007a 4500
005 20181227123234.0
007 cr|||| ||||
008 181227s2018 co |||||s|||| 00||0 spa d
020 |a 978-958-784-093-3 
035 |a 22652 
040 |a vLex 
090 |c 8390  |d 8390 
100 1 |a Santamara̕ Chavarro, ℓngela 
245 1 0 |a Narrativas y experiencias interculturales  |h [Recurso electrn̤ico] :  |b Pedagoga̕s y metodologa̕s alternativas /  |c ℓngela Santamara̕ Chavarro 
256 |a Servicio en ln̕ea 
260 |a Bogot:̀  |b Editorial Universidad de Rosario (Colombia),  |c 2018 
300 |a 1 recurso electrn̤ico 
500 |a Este libro es el fruto de reflexiones ter̤icas, exploraciones metodolg̤icas y de acciones de intervencin̤ social de varios aǫs. Nuestro grupo de investigacin̤-accin̤-participativa con enfoque interseccional ha buscado, a travš de su trabajo, crear espacios de encuentro y solidaridad con las mujeres indg̕enas de la Amazonia colombiana y la Sierra Nevada de Santa Marta. Ante todo, este texto es un tributo. Un homenaje a sus vidas, experiencias y saberes tan poco visibilizados en la academia colombiana que busca interesar a los y las jv̤enes investigadores para que emprendan su tesis de grado e investigaciones sobre y con las mujeres indg̕enas de Colombia. Al igual que nosotras, esperamos que sus vidas, sus liderazgos, sus luchas y sus vidas cotidianas sean para muchos colombianos una fuente de inspiracin̤ para reflexionar sobre nuestras propias trayectorias personales y acadm̌icas. 
506 1 |a Disponible solo en los productos indicados  |d vLex Global  |d vLex Global (Academic Edition, excluding Law Schools)  |d vLex Global (U.S. Academic Edition, Law Schools)  |d vLex Global (U.S. Academic Edition, excluding Law Schools)  |d vLex Global (Academic Edition, Law Schools) 
650 0 4 |a Ciencia polt̕ica  |z Colombia 
740 0 |a vLex Libros (Servicio en ln̕ea) 
856 4 0 |u http://vlex.com/source/narrativas-y-experiencias-interculturales-pedagogias-y-metodologias-alternativas-22652  |z Acceso restringido 
942 |c BOOK 
999 0 |a Politic science